[Event "escc2023_65"]
[Site "?"]
[Date "2023.06.01"]
[Round "7.10"]
[White "Vepkhvishvili, Varlam"]
[Black "Wengholm, Anders"]
[Result "0-1"]
[BlackElo "2167"]
[WhiteElo "2037"]
[LiveChessVersion "1.4.8"]

1. d4 {[%clk 1:30:54]} d5 {[%clk 1:30:45]} 2. Bf4 {[%clk 1:31:08]} e6
{[%clk 1:31:06]} 3. c3 {[%clk 1:31:13]} Bd6 {[%clk 1:31:15]} 4. Bxd6
{[%clk 1:31:34]} Qxd6 {[%clk 1:31:42]} 5. Nf3 {[%clk 1:31:50]} Nd7
{[%clk 1:31:23]} 6. Nbd2 {[%clk 1:31:42]} Ngf6 {[%clk 1:31:19]} 7. e3
{[%clk 1:31:56]} O-O {[%clk 1:31:20]} 8. Be2 {[%clk 1:31:46]} e5 {[%clk 1:27:26]}
9. O-O {[%clk 1:31:53]} e4 {[%clk 1:27:26]} 10. Ne1 {[%clk 1:32:03]} Re8
{[%clk 1:27:07]} 11. b3 {[%clk 1:30:46]} Nf8 {[%clk 1:26:11]} 12. c4
{[%clk 1:31:05]} c6 {[%clk 1:26:33]} 13. c5 {[%clk 1:31:06]} Qe7 {[%clk 1:26:44]}
14. b4 {[%clk 1:31:21]} Bd7 {[%clk 1:22:30]} 15. a4 {[%clk 1:31:38]} a6
{[%clk 1:17:10]} 16. Nc2 {[%clk 1:28:48]} g6 {[%clk 1:15:55]} 17. Nb3
{[%clk 1:28:21]} h5 {[%clk 1:16:09]} 18. h3 {[%clk 1:24:08]} h4 {[%clk 1:09:44]}
19. Na5 {[%clk 1:23:31]} Reb8 {[%clk 1:09:46]} 20. f4 {[%clk 1:08:27]} exf3
{[%clk 1:09:17]} 21. Bxf3 {[%clk 1:08:20]} Bf5 {[%clk 1:07:03]} 22. Ra3
{[%clk 1:01:36]} N8h7 {[%clk 1:06:46]} 23. Ne1 {[%clk 0:58:33]} Ng5
{[%clk 1:03:16]} 24. Bg4 {[%clk 0:58:16]} Nxg4 {[%clk 0:55:19]} 25. hxg4
{[%clk 0:58:00]} Be4 {[%clk 0:55:37]} 26. Ra2 {[%clk 0:41:38]} Kg7
{[%clk 0:36:06]} 27. Nf3 {[%clk 0:38:57]} h3 {[%clk 0:34:30]} 28. Nxg5
{[%clk 0:37:27]} Qxg5 {[%clk 0:34:43]} 29. gxh3 {[%clk 0:37:21]} Qxe3+
{[%clk 0:34:27]} 30. Rff2 {[%clk 0:35:28]} Rh8 {[%clk 0:34:20]} 31. Kf1
{[%clk 0:31:55]} Rxh3 {[%clk 0:34:28]} 32. Rh2 {[%clk 0:31:49]} Bd3+
{[%clk 0:34:12]} 0-1

[Event "escc2023_65"]
[Site "?"]
[Date "2023.06.01"]
[Round "7.11"]
[White "Furman, Boris"]
[Black "Hellmann, Thomas"]
[Result "1-0"]
[BlackElo "1719"]
[WhiteElo "2142"]
[LiveChessVersion "1.4.8"]

1. d4 {[%clk 1:30:56]} d6 {[%clk 1:30:50]} 2. c4 {[%clk 1:30:54]} e5
{[%clk 1:31:12]} 3. Nf3 {[%clk 1:31:12]} exd4 {[%clk 1:31:26]} 4. Nxd4
{[%clk 1:31:35]} d5 {[%clk 1:31:08]} 5. e3 {[%clk 1:22:51]} Nf6 {[%clk 1:30:14]}
6. Nc3 {[%clk 1:17:27]} Be7 {[%clk 1:27:13]} 7. Qb3 {[%clk 1:13:55]} dxc4
{[%clk 1:17:25]} 8. Bxc4 {[%clk 1:14:11]} O-O {[%clk 1:17:46]} 9. O-O
{[%clk 1:13:58]} c5 {[%clk 1:17:21]} 10. Nde2 {[%clk 1:08:02]} Nc6
{[%clk 1:14:22]} 11. Rd1 {[%clk 1:05:38]} Qc7 {[%clk 1:11:50]} 12. Nd5
{[%clk 1:04:55]} Nxd5 {[%clk 1:09:51]} 13. Bxd5 {[%clk 1:04:29]} Na5
{[%clk 1:07:02]} 14. Qc2 {[%clk 1:04:21]} Bg4 {[%clk 1:03:31]} 15. f3
{[%clk 1:03:54]} Bh5 {[%clk 1:03:59]} 16. b4 {[%clk 1:00:49]} Nc6
{[%clk 1:03:31]} 17. Rb1 {[%clk 0:53:37]} Nxb4 {[%clk 0:59:51]} 18. Rxb4
{[%clk 0:53:53]} 1-0

[Event "escc2023_65"]
[Site "?"]
[Date "2023.06.01"]
[Round "7.12"]
[White "Giacomini, Hector"]
[Black "Van Herck, Marcel"]
[Result "1/2-1/2"]
[BlackElo "2009"]
[WhiteElo "2126"]
[LiveChessVersion "1.4.8"]

1. Nf3 {[%clk 1:30:56]} d5 {[%clk 1:29:33]} 2. e3 {[%clk 1:31:21]} Nf6
{[%clk 1:28:22]} 3. d4 {[%clk 1:31:44]} Bf5 {[%clk 1:23:37]} 4. Bd3
{[%clk 1:31:36]} Bxd3 {[%clk 1:20:56]} 5. Qxd3 {[%clk 1:32:00]} c6
{[%clk 1:21:20]} 6. O-O {[%clk 1:31:59]} e6 {[%clk 1:21:37]} 7. c4
{[%clk 1:32:17]} Nbd7 {[%clk 1:21:46]} 8. Nc3 {[%clk 1:32:37]} Bd6
{[%clk 1:21:28]} 9. e4 {[%clk 1:32:47]} dxe4 {[%clk 1:21:52]} 10. Nxe4
{[%clk 1:33:11]} Nxe4 {[%clk 1:22:17]} 11. Qxe4 {[%clk 1:33:34]} O-O
{[%clk 1:21:52]} 12. Bd2 {[%clk 1:31:39]} Qc7 {[%clk 1:08:34]} 13. Rad1
{[%clk 1:29:10]} Nf6 {[%clk 1:03:34]} 14. Qe2 {[%clk 1:28:55]} c5
{[%clk 1:03:24]} 15. Bc3 {[%clk 1:26:14]} cxd4 {[%clk 0:59:18]} 16. Bxd4
{[%clk 1:26:07]} Be7 {[%clk 0:59:33]} 17. b3 {[%clk 1:25:15]} Rfd8
{[%clk 0:58:19]} 18. Rd3 {[%clk 1:18:22]} Ne8 {[%clk 0:56:54]} 19. Rfd1
{[%clk 1:15:17]} Bf6 {[%clk 0:56:40]} 20. g3 {[%clk 1:13:59]} a6 {[%clk 0:49:08]}
21. Qe3 {[%clk 1:01:32]} Bxd4 {[%clk 0:49:06]} 22. Rxd4 {[%clk 0:57:04]} h6
{[%clk 0:43:20]} 23. Qe5 {[%clk 0:52:44]} Qxe5 {[%clk 0:39:47]} 24. Nxe5
{[%clk 0:53:00]} Rxd4 {[%clk 0:40:14]} 25. Rxd4 {[%clk 0:53:22]} Rc8
{[%clk 0:40:26]} 26. Rd7 {[%clk 0:45:43]} Rc7 {[%clk 0:40:50]} 27. Rxc7
{[%clk 0:40:25]} Nxc7 {[%clk 0:41:15]} 28. Nd7 {[%clk 0:40:43]} f6
{[%clk 0:41:19]} 29. Nc5 {[%clk 0:35:39]} b6 {[%clk 0:41:37]} 30. Na4
{[%clk 0:35:02]} b5 {[%clk 0:42:01]} 31. cxb5 {[%clk 0:30:44]} axb5
{[%clk 0:41:02]} 32. Nc5 {[%clk 0:28:37]} Kf7 {[%clk 0:40:57]} 33. a4
{[%clk 0:24:55]} bxa4 {[%clk 0:41:05]} 34. bxa4 1/2-1/2

[Event "escc2023_65"]
[Site "?"]
[Date "2023.06.01"]
[Round "7.13"]
[White "Rooze, Jan"]
[Black "Strand, Kjetil"]
[Result "1-0"]
[BlackElo "1942"]
[WhiteElo "2268"]
[LiveChessVersion "1.4.8"]

1. Nf3 {[%clk 1:30:57]} d5 {[%clk 1:30:36]} 2. e3 {[%clk 1:31:21]} Nf6
{[%clk 1:30:44]} 3. c4 {[%clk 1:31:46]} e6 {[%clk 1:29:01]} 4. b3
{[%clk 1:31:40]} Be7 {[%clk 1:27:07]} 5. Bb2 {[%clk 1:32:00]} O-O
{[%clk 1:27:04]} 6. Be2 {[%clk 1:30:50]} Nbd7 {[%clk 1:26:37]} 7. Nc3
{[%clk 1:29:01]} c6 {[%clk 1:24:50]} 8. Qc2 {[%clk 1:28:43]} Re8 {[%clk 1:23:16]}
9. O-O {[%clk 1:24:16]} b6 {[%clk 1:19:48]} 10. Rac1 {[%clk 1:04:57]} Bb7
{[%clk 1:18:30]} 11. Rfd1 {[%clk 1:04:43]} Bd6 {[%clk 1:04:56]} 12. d4
{[%clk 1:04:11]} Qe7 {[%clk 1:02:26]} 13. Bd3 {[%clk 0:56:47]} Rad8
{[%clk 0:55:01]} 14. Ne2 {[%clk 0:51:15]} h6 {[%clk 0:54:04]} 15. Ng3
{[%clk 0:50:16]} c5 {[%clk 0:46:28]} 16. Ne5 {[%clk 0:45:06]} cxd4
{[%clk 0:41:42]} 17. exd4 {[%clk 0:44:52]} Rc8 {[%clk 0:38:16]} 18. Qe2
{[%clk 0:44:50]} Bb8 {[%clk 0:33:23]} 19. Re1 {[%clk 0:43:10]} Nxe5
{[%clk 0:31:14]} 20. dxe5 {[%clk 0:43:31]} Nd7 {[%clk 0:31:16]} 21. Qg4
{[%clk 0:39:32]} Qf8 {[%clk 0:23:44]} 22. Nh5 {[%clk 0:35:54]} Kh8
{[%clk 0:23:20]} 23. Ba3 {[%clk 0:26:49]} Qg8 {[%clk 0:18:37]} 24. f4
{[%clk 0:24:51]} f5 {[%clk 0:15:48]} 25. exf6 {[%clk 0:23:43]} Nxf6
{[%clk 0:14:00]} 26. Nxf6 {[%clk 0:18:58]} gxf6 {[%clk 0:14:17]} 27. Qh4
{[%clk 0:18:05]} Qg7 {[%clk 0:10:40]} 28. Re3 {[%clk 0:15:40]} f5
{[%clk 0:10:38]} 29. Bb2 {[%clk 0:14:22]} Qxb2 {[%clk 0:06:44]} 30. Qxh6+
{[%clk 0:14:42]} Kg8 {[%clk 0:07:06]} 31. Rg3+ {[%clk 0:15:03]} Kf7
{[%clk 0:07:24]} 32. Qh7+ {[%clk 0:15:21]} Kf8 {[%clk 0:07:07]} 33. Rg8# 1-0

[Event "escc2023_65"]
[Site "?"]
[Date "2023.06.01"]
[Round "7.14"]
[White "Serra Olives, Tomas"]
[Black "Luminet, Denis"]
[Result "1/2-1/2"]
[BlackElo "2146"]
[WhiteElo "2004"]
[LiveChessVersion "1.4.8"]

1. e4 {[%clk 1:30:55]} c5 {[%clk 1:30:34]} 2. Nf3 {[%clk 1:31:15]} d6
{[%clk 1:30:51]} 3. d4 {[%clk 1:31:40]} Nf6 {[%clk 1:31:10]} 4. Nc3
{[%clk 1:32:03]} cxd4 {[%clk 1:31:29]} 5. Nxd4 {[%clk 1:32:27]} Nc6
{[%clk 1:31:40]} 6. Be3 {[%clk 1:32:10]} e5 {[%clk 1:31:31]} 7. Nb3
{[%clk 1:31:24]} Be7 {[%clk 1:31:26]} 8. f3 {[%clk 1:31:33]} O-O {[%clk 1:30:32]}
9. Qd2 {[%clk 1:31:21]} a5 {[%clk 1:23:32]} 10. Bb5 {[%clk 1:25:01]} Be6
{[%clk 1:12:50]} 11. O-O-O {[%clk 1:18:42]} Qc7 {[%clk 1:07:56]} 12. Kb1
{[%clk 1:18:19]} Rfd8 {[%clk 0:50:43]} 13. Qf2 {[%clk 1:16:17]} Nd7
{[%clk 0:46:26]} 14. g4 {[%clk 1:11:23]} b6 {[%clk 0:40:32]} 15. Nd5
{[%clk 1:04:38]} Bxd5 {[%clk 0:40:55]} 16. exd5 {[%clk 1:04:54]} Ncb8
{[%clk 0:40:40]} 17. a4 {[%clk 1:00:19]} Nc5 {[%clk 0:38:55]} 18. Nd2
{[%clk 0:59:52]} Nbd7 {[%clk 0:37:46]} 19. Nc4 {[%clk 0:59:53]} Nxa4
{[%clk 0:33:23]} 20. Nxd6 {[%clk 0:54:24]} Nc3+ {[%clk 0:31:34]} 21. bxc3
{[%clk 0:54:48]} Bxd6 {[%clk 0:31:10]} 22. Bc6 {[%clk 0:54:26]} Rac8
{[%clk 0:29:40]} 23. c4 {[%clk 0:50:11]} Bc5 {[%clk 0:21:12]} 24. Rhe1
{[%clk 0:47:39]} Qd6 {[%clk 0:20:01]} 1/2-1/2

[Event "escc2023_65"]
[Site "?"]
[Date "2023.06.01"]
[Round "7.15"]
[White "Hinteregger, Arthur"]
[Black "Madebrink, Lars"]
[Result "1/2-1/2"]
[BlackElo "2136"]
[WhiteElo "2000"]
[LiveChessVersion "1.4.8"]

1. e4 {[%clk 1:30:53]} c5 {[%clk 1:30:46]} 2. Nf3 {[%clk 1:31:14]} e6
{[%clk 1:30:24]} 3. c3 {[%clk 1:30:21]} Nf6 {[%clk 1:29:59]} 4. e5
{[%clk 1:27:26]} Nd5 {[%clk 1:30:03]} 5. Bc4 {[%clk 1:24:18]} Nb6
{[%clk 1:23:13]} 6. Bb3 {[%clk 1:24:13]} d6 {[%clk 1:22:49]} 7. exd6
{[%clk 1:23:46]} Bxd6 {[%clk 1:22:45]} 8. d4 {[%clk 1:23:19]} cxd4
{[%clk 1:22:05]} 9. cxd4 {[%clk 1:21:49]} Nc6 {[%clk 1:20:50]} 10. Nc3
{[%clk 1:21:22]} Ne7 {[%clk 1:13:01]} 11. Bg5 {[%clk 1:17:59]} h6
{[%clk 1:11:56]} 12. Bh4 {[%clk 1:17:57]} Bd7 {[%clk 1:10:17]} 13. O-O
{[%clk 1:10:31]} Bc6 {[%clk 1:08:19]} 14. Ne5 {[%clk 1:03:42]} Bxe5
{[%clk 1:07:16]} 15. dxe5 {[%clk 1:04:04]} Qxd1 {[%clk 1:07:26]} 16. Rfxd1
{[%clk 1:03:55]} Nf5 {[%clk 0:50:53]} 17. Bg3 {[%clk 1:04:17]} Ke7
{[%clk 0:51:13]} 18. Rd3 {[%clk 0:51:37]} Rhd8 {[%clk 0:48:01]} 19. Rad1
{[%clk 0:51:36]} g5 {[%clk 0:45:50]} 20. Rxd8 {[%clk 0:43:13]} Rxd8
{[%clk 0:46:11]} 21. Rxd8 {[%clk 0:43:18]} Kxd8 {[%clk 0:46:34]} 22. f4
{[%clk 0:43:23]} Nxg3 1/2-1/2

[Event "escc2023_65"]
[Site "?"]
[Date "2023.06.01"]
[Round "7.16"]
[White "Taksrud, Vidar"]
[Black "Brongers, Henk"]
[Result "1/2-1/2"]
[BlackElo "2036"]
[WhiteElo "1885"]
[LiveChessVersion "1.4.8"]

1. d4 {[%clk 1:30:54]} Nf6 {[%clk 1:30:45]} 2. Nf3 {[%clk 1:31:18]} g6
{[%clk 1:30:50]} 3. c4 {[%clk 1:31:23]} Bg7 {[%clk 1:31:09]} 4. g3
{[%clk 1:31:37]} O-O {[%clk 1:30:45]} 5. Bg2 {[%clk 1:32:01]} d6 {[%clk 1:31:01]}
6. O-O {[%clk 1:32:18]} Nc6 {[%clk 1:31:08]} 7. d5 {[%clk 1:31:37]} Na5
{[%clk 1:29:59]} 8. Na3 {[%clk 1:31:36]} c5 {[%clk 1:29:43]} 9. dxc6
{[%clk 1:30:58]} Nxc6 {[%clk 1:29:15]} 10. Nb5 {[%clk 1:25:50]} Be6
{[%clk 1:12:04]} 11. Nbd4 {[%clk 1:19:21]} Nxd4 {[%clk 1:01:47]} 12. Nxd4
{[%clk 1:19:38]} Bxc4 {[%clk 1:01:39]} 13. Bxb7 {[%clk 1:19:43]} Rb8
{[%clk 1:01:44]} 14. Bg2 {[%clk 1:19:32]} Qc7 {[%clk 0:55:27]} 15. b3
{[%clk 1:18:35]} Bd5 {[%clk 0:54:50]} 16. Bb2 {[%clk 1:15:55]} Qb7
{[%clk 0:50:59]} 17. Bxd5 {[%clk 1:15:38]} Nxd5 {[%clk 0:50:31]} 18. Qd2
{[%clk 1:08:31]} Nf6 {[%clk 0:46:46]} 19. Rfc1 {[%clk 1:03:00]} Ne4
{[%clk 0:37:08]} 20. Qd1 {[%clk 0:59:53]} Ng5 {[%clk 0:36:50]} 21. Qf1
{[%clk 0:57:46]} Rbc8 {[%clk 0:29:08]} 22. Qg2 {[%clk 0:55:32]} Qb6
{[%clk 0:26:41]} 23. e3 {[%clk 0:45:57]} Rc5 {[%clk 0:17:15]} 24. h4
{[%clk 0:44:53]} Ne6 {[%clk 0:12:07]} 25. Nxe6 {[%clk 0:40:44]} fxe6
{[%clk 0:12:34]} 26. Rxc5 {[%clk 0:39:34]} Qxc5 {[%clk 0:11:57]} 27. Rc1
{[%clk 0:39:50]} Qa5 {[%clk 0:11:25]} 28. Bxg7 {[%clk 0:39:56]} Kxg7
{[%clk 0:11:40]} 29. Rc2 {[%clk 0:35:37]} d5 {[%clk 0:10:29]} 30. Qf1
{[%clk 0:32:46]} e5 {[%clk 0:05:41]} 31. Qa1 {[%clk 0:32:02]} d4 {[%clk 0:03:19]}
32. exd4 {[%clk 0:32:16]} exd4 {[%clk 0:03:48]} 33. Qxd4+ {[%clk 0:32:26]} e5
{[%clk 0:03:55]} 34. Qc3 {[%clk 0:29:30]} Qd5 {[%clk 0:03:31]} 35. Rd2
{[%clk 0:28:51]} Qe4 {[%clk 0:02:34]} 36. Rd7+ {[%clk 0:28:47]} Kh8
{[%clk 0:02:44]} 37. Qe3 {[%clk 0:26:30]} Qxe3 {[%clk 0:01:07]} 38. fxe3
{[%clk 0:26:51]} Rf3 {[%clk 0:01:23]} 39. Rxa7 {[%clk 0:27:03]} Rxg3+
{[%clk 0:01:39]} 40. Kf2 {[%clk 0:27:25]} Rh3 {[%clk 0:01:59]} 41. b4
{[%clk 0:27:43]} Rxh4 {[%clk 0:01:49]} 42. Rb7 {[%clk 0:27:38]} Rh2+
{[%clk 0:01:17]} 43. Kf3 {[%clk 0:27:59]} Rxa2 {[%clk 0:01:10]} 44. Ke4
{[%clk 0:28:18]} h5 {[%clk 0:01:26]} 45. Kxe5 {[%clk 0:28:38]} h4
{[%clk 0:01:10]} 46. Rc7 {[%clk 0:25:44]} h3 {[%clk 0:01:17]} 47. Rc1
{[%clk 0:23:48]} Rb2 {[%clk 0:00:54]} 48. Rh1 {[%clk 0:22:11]} Kg7
{[%clk 0:25:27]} 49. Rxh3 {[%clk 0:51:48]} Rxb4 {[%clk 0:25:07]} 50. Rf3
{[%clk 0:52:03]} Rb8 {[%clk 0:24:32]} 51. e4 {[%clk 0:52:02]} Re8+
{[%clk 0:24:29]} 52. Kd5 {[%clk 0:48:18]} Rd8+ {[%clk 0:24:51]} 53. Kc6
{[%clk 0:47:40]} Re8 {[%clk 0:25:10]} 54. Re3 {[%clk 0:48:03]} Kf6
{[%clk 0:25:16]} 55. Kd7 {[%clk 0:48:03]} Re7+ {[%clk 0:23:24]} 56. Kd6
{[%clk 0:48:25]} Re6+ {[%clk 0:23:49]} 57. Kd5 {[%clk 0:48:46]} Re5+
{[%clk 0:24:12]} 58. Kd4 {[%clk 0:48:59]} Ra5 {[%clk 0:21:11]} 59. Rf3+
{[%clk 0:46:31]} Ke6 {[%clk 0:21:31]} 60. Rb3 {[%clk 0:46:51]} Ra6
{[%clk 0:20:51]} 61. Ke3 {[%clk 0:44:49]} g5 {[%clk 0:19:56]} 62. Kf3
{[%clk 0:43:06]} Ra5 {[%clk 0:17:03]} 63. Kg4 Ke5 1/2-1/2

[Event "escc2023_65"]
[Site "?"]
[Date "2023.06.01"]
[Round "7.17"]
[White "Van Hoolandt, Patrick"]
[Black "Barlocco, Carlo"]
[Result "1-0"]
[BlackElo "1893"]
[WhiteElo "2035"]
[LiveChessVersion "1.4.8"]

1. d4 {[%clk 1:30:56]} Nf6 {[%clk 1:30:24]} 2. c4 {[%clk 1:31:10]} Nc6
{[%clk 1:29:23]} 3. Nf3 {[%clk 1:31:22]} e6 {[%clk 1:29:35]} 4. a3
{[%clk 1:31:19]} d6 {[%clk 1:27:32]} 5. Nc3 {[%clk 1:30:30]} g6 {[%clk 1:27:55]}
6. e4 {[%clk 1:30:33]} Bg7 {[%clk 1:28:10]} 7. h3 {[%clk 1:28:21]} O-O
{[%clk 1:28:20]} 8. Be3 {[%clk 1:28:47]} d5 {[%clk 1:25:15]} 9. cxd5
{[%clk 1:15:35]} exd5 {[%clk 1:24:54]} 10. e5 {[%clk 1:16:02]} Ne4
{[%clk 1:22:37]} 11. Nxe4 {[%clk 1:14:39]} dxe4 {[%clk 1:22:48]} 12. Ng5
{[%clk 1:14:57]} Bf5 {[%clk 1:17:47]} 13. g4 {[%clk 1:14:04]} h6 {[%clk 1:16:37]}
14. gxf5 {[%clk 1:12:31]} hxg5 {[%clk 1:16:33]} 15. f6 {[%clk 1:07:30]} Bxf6
{[%clk 1:15:15]} 16. exf6 {[%clk 1:07:33]} Qxf6 {[%clk 1:15:42]} 17. Rg1
{[%clk 1:03:10]} Qg7 {[%clk 1:14:11]} 18. Rxg5 {[%clk 1:00:21]} Rad8
{[%clk 1:14:09]} 19. Qa4 {[%clk 0:47:21]} Nxd4 {[%clk 1:13:19]} 20. O-O-O
{[%clk 0:47:39]} Ne6 {[%clk 1:08:54]} 21. Rgd5 {[%clk 0:38:55]} Rxd5
{[%clk 1:08:56]} 22. Rxd5 {[%clk 0:39:24]} f5 {[%clk 1:08:27]} 23. Rd7
{[%clk 0:32:28]} Qf6 {[%clk 1:06:41]} 24. Bc4 {[%clk 0:32:09]} Rf7
{[%clk 1:00:56]} 25. Rxf7 {[%clk 0:31:43]} 1-0

[Event "escc2023_65"]
[Site "?"]
[Date "2023.06.01"]
[Round "7.18"]
[White "Patola, Eero"]
[Black "Myall, Ivan J"]
[Result "0-1"]
[BlackElo "1924"]
[WhiteElo "1783"]
[LiveChessVersion "1.4.8"]

1. c4 {[%clk 1:30:53]} b6 {[%clk 1:30:17]} 2. Nc3 {[%clk 1:31:05]} Bb7
{[%clk 1:30:39]} 3. e4 {[%clk 1:31:07]} e6 {[%clk 1:30:25]} 4. d4
{[%clk 1:31:09]} Bb4 {[%clk 1:30:30]} 5. Bd3 {[%clk 1:26:57]} f5 {[%clk 1:30:38]}
6. d5 {[%clk 1:26:01]} fxe4 {[%clk 1:22:32]} 7. Bxe4 {[%clk 1:25:46]} Qh4
{[%clk 1:20:22]} 8. Qd4 {[%clk 1:17:24]} Nf6 {[%clk 1:20:26]} 9. Bd2
{[%clk 0:56:48]} Bxc3 {[%clk 1:20:37]} 10. Bxc3 {[%clk 0:56:41]} Qxe4+
{[%clk 1:20:37]} 11. Qxe4 {[%clk 0:54:32]} Nxe4 {[%clk 1:20:59]} 12. Bxg7
{[%clk 0:54:52]} Rg8 {[%clk 1:21:21]} 13. Be5 {[%clk 0:54:36]} d6
{[%clk 1:20:18]} 14. f3 {[%clk 0:53:31]} Nc5 {[%clk 1:16:40]} 15. Bg3
{[%clk 0:53:03]} exd5 {[%clk 1:16:11]} 16. cxd5 {[%clk 0:51:54]} Bxd5
{[%clk 1:15:57]} 17. Kd2 {[%clk 0:50:16]} Kd7 {[%clk 1:14:47]} 18. Ne2
{[%clk 0:49:25]} Nc6 {[%clk 1:13:43]} 19. Nf4 {[%clk 0:47:23]} Bf7
{[%clk 1:14:01]} 20. Kc3 {[%clk 0:45:37]} Na4+ {[%clk 1:09:10]} 21. Kc2
{[%clk 0:44:21]} Nd4+ {[%clk 1:08:43]} 22. Kc1 {[%clk 0:41:55]} Rae8
{[%clk 1:08:10]} 23. b3 {[%clk 0:41:05]} Nc3 {[%clk 1:03:42]} 24. Kd2
{[%clk 0:40:08]} Nd5 {[%clk 1:02:34]} 25. Nxd5 {[%clk 0:38:33]} Bxd5
{[%clk 1:02:59]} 26. Rhe1 {[%clk 0:37:46]} Nf5 {[%clk 1:02:41]} 27. Rxe8
{[%clk 0:36:56]} Kxe8 {[%clk 1:02:34]} 28. Re1+ {[%clk 0:34:32]} Kd7
{[%clk 1:02:58]} 29. Re2 {[%clk 0:32:52]} h5 {[%clk 1:02:17]} 30. Be1
{[%clk 0:31:44]} h4 {[%clk 1:01:51]} 31. Rf2 {[%clk 0:31:11]} Re8
{[%clk 1:01:33]} 32. Re2 {[%clk 0:30:26]} h3 {[%clk 0:55:26]} 33. Rxe8
{[%clk 0:29:04]} hxg2 {[%clk 0:55:45]} 34. Rg8 {[%clk 0:27:04]} Bxg8
{[%clk 0:56:07]} 0-1

[Event "escc2023_65"]
[Site "?"]
[Date "2023.06.01"]
[Round "7.19"]
[White "Pritchett, Craig W"]
[Black "Segal, Yosef"]
[Result "1-0"]
[BlackElo "1834"]
[WhiteElo "2232"]
[LiveChessVersion "1.4.8"]

1. Nf3 {[%clk 1:30:51]} d5 {[%clk 1:30:20]} 2. e3 {[%clk 1:31:10]} Nf6
{[%clk 1:29:34]} 3. c4 {[%clk 1:31:26]} c6 {[%clk 1:29:20]} 4. b3
{[%clk 1:30:29]} e6 {[%clk 1:28:47]} 5. Bb2 {[%clk 1:30:42]} Bd6 {[%clk 1:28:55]}
6. Qc2 {[%clk 1:30:44]} O-O {[%clk 1:28:59]} 7. Nc3 {[%clk 1:29:44]} Nbd7
{[%clk 1:25:47]} 8. Be2 {[%clk 1:28:59]} Re8 {[%clk 1:25:20]} 9. O-O
{[%clk 1:24:50]} e5 {[%clk 1:25:13]} 10. cxd5 {[%clk 1:25:10]} cxd5
{[%clk 1:24:06]} 11. Nb5 {[%clk 1:20:34]} Bb8 {[%clk 1:24:03]} 12. Rac1
{[%clk 1:14:04]} a6 {[%clk 1:14:03]} 13. Nc7 {[%clk 1:12:21]} Bxc7
{[%clk 1:14:20]} 14. Qxc7 {[%clk 1:12:42]} Qe7 {[%clk 1:09:16]} 15. d4
{[%clk 0:55:28]} e4 {[%clk 1:07:51]} 16. Ne5 {[%clk 0:51:42]} h6 {[%clk 1:00:27]}
17. f3 {[%clk 0:39:46]} Nxe5 {[%clk 0:56:49]} 18. dxe5 {[%clk 0:39:37]} Nd7
{[%clk 0:44:11]} 19. fxe4 {[%clk 0:32:54]} Nxe5 {[%clk 0:39:33]} 20. Qxe7
{[%clk 0:27:23]} Rxe7 {[%clk 0:39:03]} 21. exd5 {[%clk 0:24:13]} Bg4
{[%clk 0:38:48]} 22. Bxg4 {[%clk 0:12:19]} Nxg4 {[%clk 0:38:33]} 23. Bd4
{[%clk 0:06:54]} Rd8 {[%clk 0:34:01]} 24. d6 {[%clk 0:06:18]} Re6
{[%clk 0:33:13]} 25. Rc7 {[%clk 0:06:09]} f6 {[%clk 0:33:01]} 26. h3
{[%clk 0:04:12]} Ne5 {[%clk 0:32:39]} 27. Rxb7 {[%clk 0:04:08]} Rdxd6
{[%clk 0:31:52]} 28. Ra7 {[%clk 0:02:16]} Kh7 {[%clk 0:29:32]} 29. Rc1
{[%clk 0:01:44]} Rc6 {[%clk 0:29:33]} 30. Rxc6 {[%clk 0:01:36]} Nxc6
{[%clk 0:29:55]} 31. Rd7 {[%clk 0:01:50]} Nb4 {[%clk 0:28:11]} 32. Bc5
{[%clk 0:01:42]} Nxa2 {[%clk 0:26:56]} 33. Bf8 {[%clk 0:02:04]} Rxe3
{[%clk 0:26:06]} 34. Rxg7+ {[%clk 0:02:18]} Kh8 {[%clk 0:25:40]} 35. Rb7
{[%clk 0:04:05]} Re6 {[%clk 0:24:11]} 36. Bxh6 {[%clk 0:04:03]} Nc3
{[%clk 0:23:10]} 37. Kh2 {[%clk 0:03:58]} Nb5 {[%clk 0:22:53]} 38. Bf4
{[%clk 0:02:06]} Rc6 {[%clk 0:20:44]} 39. h4 {[%clk 0:01:37]} Nd6
{[%clk 0:19:02]} 40. Bxd6 {[%clk 0:01:21]} Rxd6 {[%clk 0:19:30]} 41. Kg3
{[%clk 0:00:33]} f5 {[%clk 0:19:15]} 42. Kf4 {[%clk 0:26:11]} Rd4+
{[%clk 0:49:18]} 43. Kxf5 {[%clk 0:26:29]} Rxh4 {[%clk 0:46:33]} 44. Kg5
{[%clk 0:24:10]} Rd4 {[%clk 0:45:49]} 45. g4 {[%clk 0:23:45]} a5 {[%clk 0:43:41]}
46. Kh5 {[%clk 0:19:37]} a4 {[%clk 0:41:41]} 47. b4 {[%clk 0:18:42]} a3
{[%clk 0:41:38]} 48. g5 {[%clk 0:15:29]} a2 {[%clk 0:42:04]} 49. Kh6
{[%clk 0:14:12]} Kg8 {[%clk 0:39:44]} 50. Rg7+ {[%clk 0:12:10]} Kf8
{[%clk 0:38:58]} 51. Ra7 {[%clk 0:12:33]} Rxb4 {[%clk 0:38:10]} 52. Rxa2
{[%clk 0:12:29]} Rb8 {[%clk 0:38:19]} 53. Kh7 {[%clk 0:09:46]} Rb7+
{[%clk 0:38:20]} 54. Kh8 {[%clk 0:08:45]} Rb1 {[%clk 0:36:54]} 55. Rf2+
{[%clk 0:08:55]} Ke7 {[%clk 0:36:08]} 56. g6 {[%clk 0:07:41]} Rb8+
{[%clk 0:31:27]} 57. Kg7 {[%clk 0:07:41]} Ke6 {[%clk 0:30:02]} 58. Rf6+
{[%clk 0:06:53]} Ke7 {[%clk 0:29:23]} 59. Rf7+ {[%clk 0:06:48]} Ke6
{[%clk 0:28:46]} 60. Rf6+ {[%clk 0:06:57]} Ke7 {[%clk 0:29:13]} 61. Ra6
{[%clk 0:07:03]} Rb7 {[%clk 0:26:35]} 62. Kg8 {[%clk 0:06:19]} Rb1
{[%clk 0:23:57]} 63. g7 {[%clk 0:06:30]} Rh1 {[%clk 0:22:48]} 64. Ra7+
{[%clk 0:05:45]} Ke8 {[%clk 0:22:32]} 65. Ra4 {[%clk 0:05:52]} Ke7
{[%clk 0:19:13]} 66. Re4+ {[%clk 0:05:22]} Kd7 {[%clk 0:18:35]} 67. Kf7
{[%clk 0:05:10]} Rf1+ {[%clk 0:18:43]} 68. Kg6 {[%clk 0:05:32]} Rg1+
{[%clk 0:18:50]} 69. Kf6 {[%clk 0:04:13]} Kd8 {[%clk 0:17:57]} 70. Re5 1-0